000 00549nam a2200217Ia 4500
003 OSt
005 20220928143400.0
006 a|||||r|||| 00| 0
007 ta
008 220927b |||||||| |||| 00| 0 eng d
024 _a21767
037 _cTextual
040 _aSDCL
_cSDCL
_beng
041 _2eng
_aeng
082 _aO15,1B2, L3.1-.3
100 _aVan Buitenen J A B Ed.
_9505153
245 0 _aMahabharata.
260 _c1973
942 _hO15,1B2, L3.1-.3
_cTEXL
_2CC
999 _c823789
_d823789